00429nam a22000977a 4500008004100000020001400041082001800055245011000073260014000183300000800323230606b xxu||||| |||| 00| 0 eng d a96676710X a339.4119bKEN aConstituency Report on Well-being in KenyabBased on the Kenya Integrated Household Budget Survey-2005/06 aNairobi,Kenya bKenya National Bureau of Statisticsc2008 a76p